00503nam a2200169 a 450000100060000000300090000600800410001504000280005608200280008410000560011224500510016826000280021965000150024765000170026265000210027965000330030017880CO-ViMGA141112s2004 ck r 000 u spa d aCO-ViMGAbspacCO-ViMGA04aCD - ROM 364.1534 O741e1 aOrganización internacional para las migraciones, 10aEsto no es un cuento......es trata de personas aBogotá, cOim, c200314aESCLAVISMO14aPROSTITUCION14aTRATA DE BLANCAS14aTRATA DE PERSONAS - COLOMBIA